000 00172nam a22000857a 4500
022 _a1010-9609
245 _aWHO DRUG INFORMATION
260 _aWHO
_bWHO
_c2015
942 _2ddc
_cLJ
999 _c7672
_d7672